| 000 | 00429nam a2200157 a 4500 | ||
|---|---|---|---|
| 001 | 3684 | ||
| 005 | 20140414131906.0 | ||
| 008 | 061002s19uu xx 00 eng d | ||
| 020 | _a0-06-026445-4 | ||
| 050 |
_aFIC _bW63 1991 |
||
| 100 | _aWilder, Laura Ingalls | ||
| 245 |
_aLittle house on the prairie / _cby Laura Ingalls Wilder. |
||
| 260 |
_aNew York : _bHarper Tropy, _cc1991. |
||
| 300 | _a335 p. ; cm. | ||
| 999 |
_c110958 _d110958 |
||